000 00736nam a2200253 4500
001 46040
010 _a9789895523818
021 _b278891/08
090 _a46040
100 _a20240520d2008 m y0pory50030103ba
101 1 _apor
102 _aPT
200 1 _aJuventude ;
_aseguida de O Conto
_fJoseph Conrad
_gtrad. Bábara Pinto Coelho
205 _a1.ª ed.
210 9 _aVila Nova de Famalicão
_cQuasi,
_d2008
215 _a92, [3] p.
_d19 cm
304 _aTít. orig.: Youth: a narrative - The tale
317 _aBiblioteca Matilde Rosa Araújo
517 1 _aˆO ‰conto
675 _a821.111-34"18/19"
_vBN
_zpor
700 1 _aConrad,
_bJoseph,
_f1857-1924
702 1 _aCoelho,
_bBárbara Pinto
_4730
801 0 _aPT
_bBN
_gRPC
990 _cLIVROS